| 000 | 00849nam a2200313 4500 | ||
|---|---|---|---|
| 001 | 001138232 | ||
| 003 | DO-SdBNP | ||
| 005 | 20180201101516.0 | ||
| 007 | 001138232 | ||
| 008 | 930725s1979 sp spa | ||
| 016 | 7 |
_a _z |
|
| 017 |
_a _b |
||
| 020 |
_a8423901351 _c |
||
| 035 | _a | ||
| 040 |
_aBPMSU _bspa _cBPMSU |
||
| 080 | 0 | _a | |
| 100 | 1 |
_aManrique, Jorge, _d1440?-1479 |
|
| 245 | 1 | 0 |
_aObra completa / _c Jorge Manrique ; edición, prólogo y vocabulario de Augusto Cortina _h |
| 250 | _a13ª ed. | ||
| 260 |
_aMadrid : _bEspasa-Calpe, _c1979. |
||
| 300 |
_a144 p. ; _c18 cm. |
||
| 490 | 1 |
_aAustral _v135 |
|
| 500 | _aVocabulario: p. [138]-144 | ||
| 700 | 1 | _aCortina, Augusto | |
| 830 | 0 |
_pAustral _v135 |
|
| 942 |
_2ddc _cBK |
||
| 945 | _aInventariado, 2018 /LP | ||
| 956 |
_aVMATEO _210 _320151209 _6BPMSU _800151 |
||
| 999 |
_c9071 _d9071 |
||